[Event "Ch Croatia (team) (3rd league)"]
[Site "masterchessopen.com - masterchessopen.com - Zagreb (Croatia)"]
[Date "2009.04.19"]
[Round "5"]
[White "Kurecic Mladen (CRO)"]
[Black "Medic Miljenko (CRO)"]
[Result "0-1"]
[WhiteElo "2027"]
[BlackElo "2246"]

1.d4 Nf6 2.c4 c5 3.d5 b5 4.cxb5 a6 5.Nc3 axb5 6.Nxb5 Qa5+ 7.Nc3 Bb7 8.Bd2 Qb6
9.e4 e6 10.Bc4 Nxe4 11.Nxe4 exd5 12.Qe2 dxe4 13.Bc3 d5 14.Bb5+ Bc6 15.Bxc6+
Qxc6 16.Nf3 Be7 17.Ne5 Qa6 18.Nxf7 Qxe2+ {#R} 0-1

[Event "It (open)"]
[Site "masterchessopen.com - masterchessopen.com - Sant Boi (Spain)"]
[Date "2009.05.08"]
[Round "2"]
[White "Alquezar Mancho Renato (ESP)"]
[Black "Miralles Brugues Jordi (ESP)"]
[Result "0-1"]
[WhiteElo "1871"]
[BlackElo "2108"]

1.d4 Nf6 2.c4 c5 3.d5 b5 4.cxb5 a6 5.e3 d6 6.Nc3 g6 7.Qc2 Bg7 8.Nf3 Nbd7
9.bxa6 O-O 10.e4 Qa5 11.Bd2 Bxa6 12.Bxa6 Qxa6 13.Rb1 Rfb8 14.b3 Ng4 15.h3 Nge5
16.Nxe5 Nxe5 17.f3 Nd3+ {#R} 0-1

[Event "Memorial A.G.Matskevich"]
[Site "masterchessopen.com - masterchessopen.com - Kharkov (Ukraine)"]
[Date "2009.07.13"]
[Round "6"]
[White "Simantsev Mikhail (UKR)"]
[Black "Averjanov Alexey (UKR)"]
[Result "1-0"]
[WhiteElo "2527"]
[BlackElo "2395"]

1.d4 Nf6 2.c4 c5 3.d5 b5 4.cxb5 a6 5.f3 e6 6.e4 c4 7.Bxc4 axb5 8.Bxb5 Bc5
9.Ne2 O-O 10.Nbc3 Qb6 11.Bg5 Ne8 12.Rc1 Bf2+ 13.Kf1 f6 14.Bf4 e5 15.Bd2 Nd6
16.Bd3 Ba6 17.Na4 Qa7 18.Bb4 Be3 19.Rc3 Ne8 20.Bxf8 {#r} 1-0

[Event "Tournament (open) \"]
[Site "masterchessopen.com - masterchessopen.com - St. Petersburg (Russia)"]
[Date "2009.11.02"]
[Round "9"]
[White "Titov Dmitry (RUS)"]
[Black "Koltsov Roman (RUS)"]
[Result "1-0"]
[WhiteElo "2178"]
[BlackElo "2276"]

1.d4 Nf6 2.c4 c5 3.d5 b5 4.cxb5 a6 5.b6 Qxb6 6.Nc3 g6 7.e4 d6 8.Nf3 Bg7 9.Be2
O-O 10.O-O Nbd7 11.Nd2 Ne5 12.h3 Bd7 13.f4 c4+ 14.Kh2 Nd3 15.Nxc4 {#r} 1-0

[Event "Czech League 2009/10 (1st) East"]
[Site "masterchessopen.com - masterchessopen.com - Czech Republic"]
[Date "2009.11.15"]
[Round "3"]
[White "Klima Lukas (CZE)"]
[Black "Hudecek Jan (CZE)"]
[Result "0-1"]
[WhiteElo "2420"]
[BlackElo "2310"]

1.d4 Nf6 2.c4 c5 3.d5 b5 4.cxb5 a6 5.b6 e6 6.Nc3 exd5 7.Nxd5 Nxd5 8.Qxd5 Nc6
9.Nf3 Rb8 10.Ne5 Qf6 11.Nxc6 dxc6 12.Qf3 Be7 13.Qf4 Rxb6 14.Qc7 Bd8 15.Qxc8
O-O 16.Rb1 Rxb2 17.Qxd8 Qc3+ 18.Qd2 Qxd2+ {#R} 0-1

[Event "Tournament (open)"]
[Site "masterchessopen.com - masterchessopen.com - Novosibirsk (Russia)"]
[Date "2009.11.19"]
[Round "3"]
[White "Prokhorenko Alexander (RUS)"]
[Black "Konjkov Victor (RUS)"]
[Result "1-0"]
[WhiteElo "1928"]
[BlackElo "1976"]

1.d4 Nf6 2.c4 c5 3.d5 b5 4.cxb5 a6 5.Nc3 g6 6.e4 d6 7.Bg5 Bg7 8.Bd3 O-O 9.Nge2
Nbd7 10.O-O Ne5 11.a4 Bd7 12.h3 Qc7 13.f4 Nxd3 14.Qxd3 c4 15.Qe3 axb5 16.axb5
e5 17.fxe5 Ne8 18.Rxa8 {#r} 1-0

[Event "It \"]
[Site "masterchessopen.com - masterchessopen.com - Singapore"]
[Date "2009.12.13"]
[Round "7"]
[White "Solomons Anzel (RSA)"]
[Black "Koh Jonathan (SIN)"]
[Result "0-1"]
[WhiteElo "1932"]
[BlackElo "2211"]

1.d4 Nf6 2.c4 c5 3.d5 b5 4.cxb5 a6 5.e3 g6 6.b3 Bg7 7.Bb2 O-O 8.Nc3 Qa5 9.Qd2
Bb7 10.Rd1 axb5 11.Bxb5 Nxd5 12.Nxd5 Bxb2 13.Qxa5 Rxa5 14.a4 e6 15.Nf4 g5
16.Nd3 Bxg2 17.Nxb2 Bxh1 18.f3 g4 19.Kf2 Bxf3 20.Nxf3 gxf3 21.Rg1+ Kh8 {#R}
0-1

[Event "Memorial Francisco Benko (open)"]
[Site "masterchessopen.com - masterchessopen.com - Buenos Aires (Argentina)"]
[Date "2010.02.08"]
[Round "1"]
[White "Palacios Luis Alberto (ARG)"]
[Black "Malbran Guillermo (ARG)"]
[Result "0-1"]
[WhiteElo "1853"]
[BlackElo "2162"]

1.d4 Nf6 2.c4 c5 3.d5 b5 4.cxb5 a6 5.Nc3 g6 6.Nf3 Bg7 7.e3 O-O 8.Bd2 d6 9.Bd3
axb5 10.Bxb5 Qb6 11.Qe2 Ba6 12.Bxa6 Qxa6 13.Qxa6 Nxa6 14.Ke2 Rfb8 15.Rab1 Nb4
16.a3 Nbxd5 17.h3 Rb7 18.Kd3 e5 19.Ng5 Nxc3 20.Bxc3 h6 {#R} 0-1

[Event "It (open)"]
[Site "masterchessopen.com - masterchessopen.com - Selestat (France)"]
[Date "2010.02.19"]
[Round "3"]
[White "Roos Jean-Luc (FRA)"]
[Black "Turov Maxim (RUS)"]
[Result "0-1"]
[WhiteElo "2253"]
[BlackElo "2584"]

1.d4 Nf6 2.c4 c5 3.d5 b5 4.cxb5 a6 5.e3 Bb7 6.Nc3 Qa5 7.Bd2 axb5 8.Bxb5 Qb6
9.Nge2 Nxd5 10.O-O Nc7 11.Ba4 e6 12.e4 Be7 13.Be3 Bc6 14.Rc1 d6 15.b4 Qxb4
16.Rb1 Bxa4 17.Nxa4 Qxe4 18.Nb6 Ra6 19.Nc8 Nd7 20.Ng3 Qd5 21.Qe2 Bf8 {#R} 0-1

[Event "It (open)"]
[Site "masterchessopen.com - masterchessopen.com - Reykjavik (Iceland)"]
[Date "2010.02.24"]
[Round "1"]
[White "Leifsson Thorsteinn (ISL)"]
[Black "Thorfinnsson Bjorn (ISL)"]
[Result "0-1"]
[WhiteElo "1772"]
[BlackElo "2404"]

1.d4 Nf6 2.c4 c5 3.d5 b5 4.cxb5 a6 5.b6 Qxb6 6.Nc3 d6 7.e4 g6 8.Nf3 Bg4 9.Be2
Bxf3 10.gxf3 Bg7 11.Rb1 Nbd7 12.Be3 O-O 13.Qd2 Rfb8 14.O-O a5 15.h3 a4 16.f4
a3 17.b3 Qb4 18.Rfc1 Nxe4 19.Nxe4 Qxe4 {#R} 0-1

[Event "Ch Valle (juniors) (under 16)"]
[Site "masterchessopen.com - masterchessopen.com - Yumbo (Colombia)"]
[Date "2010.02.28"]
[Round "7"]
[White "Valencia Julian David (COL)"]
[Black "Lopez R Juan David (COL)"]
[Result "1-0"]
[WhiteElo "1929"]
[BlackElo "1931"]

1.d4 Nf6 2.c4 c5 3.d5 b5 4.cxb5 a6 5.Nc3 d6 6.e4 axb5 7.Bxb5+ Bd7 8.Bxd7+
Nbxd7 9.f4 g6 10.Nf3 Bg7 11.e5 Nh5 12.g4 {#r} 1-0

[Event "Ch City (open)"]
[Site "masterchessopen.com - masterchessopen.com - Leverkusen (Germany)"]
[Date "2010.03.09"]
[Round "4"]
[White "Reinemer Frank (GER)"]
[Black "Wegener Marcus (GER)"]
[Result "1-0"]
[WhiteElo "2214"]
[BlackElo "2025"]

1.d4 Nf6 2.c4 c5 3.d5 b5 4.cxb5 a6 5.Nc3 axb5 6.e4 Qa5 7.e5 Ne4 8.Bd2 Nxd2
9.Qxd2 c4 10.Be2 e6 11.Bf3 b4 12.Nce2 c3 13.bxc3 bxc3 14.Nxc3 Bb4 15.Nge2 Ra7
16.O-O O-O 17.a3 Bxa3 18.Qg5 h6 19.Qg3 f5 20.exf6 Rxf6 21.Qxb8 {#r} 1-0

[Event "Memorial Lysenko"]
[Site "masterchessopen.com - masterchessopen.com - Liski (Russia)"]
[Date "2010.04.27"]
[Round "6"]
[White "Katkov Vitaly (RUS)"]
[Black "Fadin Evgeny (RUS)"]
[Result "0-1"]
[WhiteElo "2123"]
[BlackElo "2155"]

1.d4 Nf6 2.c4 c5 3.d5 b5 4.cxb5 a6 5.Nc3 axb5 6.Bg5 b4 7.Nb1 Ne4 8.Bh4 Qa5
9.Nd2 b3 10.a3 g5 11.Bg3 Bg7 12.Rb1 c4 13.Bc7 Qxd5 14.Nxe4 Qxe4 15.f3 Qe3
16.Qd5 Bd4 17.Bg3 c3 {#R} 0-1

[Event "Memorial Y. Voroniatov (open)"]
[Site "masterchessopen.com - masterchessopen.com - Nizhnij Novgorod (Russia)"]
[Round "6"]
[White "Marsak Viktor D (RUS)"]
[Black "Gorozhanin Mikhail (RUS)"]
[Result "0-1"]
[WhiteElo "2044"]
[BlackElo "2125"]

1.d4 Nf6 2.c4 c5 3.d5 b5 4.cxb5 a6 5.Nc3 axb5 6.e4 b4 7.Nb5 d6 8.Bf4 g6 9.Nf3
Bg7 10.Bc4 O-O 11.Qe2 Nbd7 12.a4 Nb6 13.Bb3 Bg4 14.O-O Nfd7 15.a5 Nc8 16.a6
Qb6 17.Bc4 Be5 18.Bh6 Bg7 19.Bxg7 Kxg7 20.b3 Ne5 21.h3 Nxf3+ {#R} 0-1

[Event "Memorial Francisco Codes (open)"]
[Site "masterchessopen.com - masterchessopen.com - Madrid (Spain)"]
[Date "2010.05.30"]
[Round "7"]
[White "Vivas Mariscal Luis Miguel (ESP)"]
[Black "Vazquez Moreno Luis (ESP)"]
[Result "1-0"]
[WhiteElo "1673"]
[BlackElo "1729"]

1.d4 Nf6 2.c4 c5 3.d5 b5 4.cxb5 a6 5.f3 g6 6.e4 d6 7.Nc3 Bg7 8.Bc4 Nbd7 9.f4
Nb6 10.Be2 Nfd7 11.Nf3 O-O 12.O-O axb5 13.Nxb5 Ba6 14.Be3 Bxb2 15.Rb1 Bg7
16.Qd2 Bb7 17.f5 gxf5 18.Bh6 fxe4 {#r} 1-0

[Event "Ch Germany (juniors) (Internet) (under 18) (qual3)"]
[Site "masterchessopen.com - masterchessopen.com - Internet"]
[Date "2010.06.09"]
[Round "2"]
[White "Doelker Kai (GER)"]
[Black "Gruenewald Florian"]
[Result "0-1"]
[WhiteElo "1723"]
[BlackElo "1805"]

1.d4 Nf6 2.c4 c5 3.d5 b5 4.cxb5 a6 5.Nc3 g6 6.e4 d6 7.bxa6 Bxa6 8.Bxa6 Nxa6
9.Qa4+ Nd7 10.Nf3 Bg7 11.Bd2 Nb4 12.Qc2 Nxc2+ {#R} 0-1

[Event "Ch Germany (juniors) (Internet) (under 18) (qual3)"]
[Site "masterchessopen.com - masterchessopen.com - Internet"]
[Date "2010.06.09"]
[Round "4"]
[White "Doelker Kai (GER)"]
[Black "Stukenbrok Nils (GER)"]
[Result "0-1"]
[WhiteElo "1723"]
[BlackElo "2111"]

1.d4 Nf6 2.c4 c5 3.d5 b5 4.cxb5 a6 5.Nc3 axb5 6.Nxb5 Ba6 7.Qa4 Nxd5 8.e4 Nb4
9.a3 Bb7 10.Qb3 N4c6 11.Bc4 e6 12.Nd6+ Bxd6 {#R} 0-1

[Event "Tournament (open)"]
[Site "masterchessopen.com - masterchessopen.com - Kstovo (Russia)"]
[Date "2010.09.05"]
[Round "2"]
[White "Kim Nikita (RUS)"]
[Black "Volkov Ilya (RUS)"]
[Result "0-1"]
[WhiteElo "2235"]
[BlackElo "2140"]

1.d4 Nf6 2.c4 c5 3.d5 b5 4.cxb5 a6 5.b6 d6 6.Nc3 Nbd7 7.e4 g6 8.Nf3 Bg7 9.Be2
O-O 10.O-O Nxb6 11.Bg5 Bg4 12.h3 Bxf3 13.Bxf3 Nfd7 14.Qd2 Re8 15.Be2 Qc7
16.Rfe1 Rab8 17.Bh6 Bh8 18.Kh1 Na8 {#R} 0-1

[Event "Tournament \"]
[Site "masterchessopen.com - masterchessopen.com - Las Palmas (Spain)"]
[Date "2010.10.09"]
[Round "6"]
[White "Peinado Santana Victor (ESP)"]
[Black "Cruz Ramirez Nauzet (ESP)"]
[Result "1-0"]
[WhiteElo "1696"]
[BlackElo "1620"]

1.d4 Nf6 2.c4 c5 3.d5 b5 4.cxb5 a6 5.b6 Qxb6 6.Nc3 d6 7.e4 g6 8.Nf3 Bg7 9.Nd2
Nbd7 10.a4 O-O 11.a5 Qc7 12.Be2 Rb8 13.O-O Re8 14.Nc4 h6 15.Bf4 Nf8 16.Qd2 Kh7
17.e5 Rd8 18.exf6 exf6 19.Ne4 {#r} 1-0

[Event "Ch Europe (active)"]
[Site "masterchessopen.com - masterchessopen.com - Warsaw (Poland)"]
[Date "2010.12.18"]
[Round "8"]
[White "Nyzhnyk Illya (UKR)"]
[Black "Licznerski Lukasz (POL)"]
[Result "1-0"]
[WhiteElo "2538"]
[BlackElo "2061"]

1.d4 Nf6 2.c4 c5 3.d5 b5 4.cxb5 a6 5.f3 axb5 6.e4 Qa5+ 7.Bd2 b4 8.Na3 e6 9.Nc4
Qc7 10.Bg5 Ba6 11.Nh3 Bd6 12.e5 Bxc4 13.exd6 Qxd6 14.Bxc4 Nxd5 15.O-O O-O
16.Nf4 Qe5 17.Bxd5 Ra7 18.Be7 Rc8 19.Qd2 exd5 20.Nxd5 f6 21.Rfe1 {#r} 1-0

[Event "It (open)"]
[Site "masterchessopen.com - masterchessopen.com - Gold Coast (Australia)"]
[Date "2010.12.29"]
[Round "9"]
[White "Nakauchi Gene (AUS)"]
[Black "Guo Emma (AUS)"]
[Result "1-0"]
[WhiteElo "2125"]
[BlackElo "1964"]

1.d4 Nf6 2.c4 c5 3.d5 b5 4.cxb5 a6 5.b6 g6 6.Nc3 Bg7 7.Qb3 Bb7 8.e4 d6 9.a4
O-O 10.Nf3 Re8 11.a5 e6 12.Be2 exd5 13.exd5 Qe7 14.O-O Nbd7 15.Re1 Nxd5
16.Nxd5 Qe6 17.Bc4 Qxe1+ 18.Nxe1 Rxe1+ 19.Bf1 Bc6 20.Nc7 Rae8 21.Qa3 {#r} 1-0

[Event "Extra League 2010/11"]
[Site "masterchessopen.com - masterchessopen.com - Czech Republic"]
[Date "2011.01.23"]
[Round "7"]
[White "Neuman Petr (CZE)"]
[Black "Plachetka Jan (SVK)"]
[Result "1-0"]
[WhiteElo "2463"]
[BlackElo "2388"]

1.d4 Nf6 2.c4 c5 3.d5 b5 4.cxb5 a6 5.f3 e6 6.e4 c4 7.Bxc4 axb5 8.Bxb5 Qa5+
9.Nc3 Bb4 10.Qd3 Na6 11.Ne2 Nc5 12.Qc4 Bb7 13.dxe6 fxe6 14.a3 Bxc3+ 15.Nxc3
Rc8 16.b4 Qb6 17.Be3 {#r} 1-0

[Event "Ch Weiz (open)"]
[Site "masterchessopen.com - masterchessopen.com - Weiz (Austria)"]
[Date "2011.04.07"]
[Round "1"]
[White "Kropik Martin (AUT)"]
[Black "Kasparov Sergey (BLR)"]
[Result "0-1"]
[WhiteElo "2075"]
[BlackElo "2521"]

1.d4 Nf6 2.c4 c5 3.d5 b5 4.cxb5 a6 5.b6 d6 6.Nc3 Nbd7 7.Nf3 g6 8.e4 Bg7 9.Nd2
Nxb6 10.a4 Rb8 11.a5 Na8 12.Nc4 O-O 13.Be2 Bd7 14.e5 Ne8 15.Bf4 Bb5 16.exd6
exd6 17.Qd2 Bxc4 18.Bxc4 Nac7 19.O-O Rb4 20.b3 Bxc3 {#R} 0-1

[Event "Ch Bashkortostan (1/2 final)"]
[Site "masterchessopen.com - masterchessopen.com - Maloyaz (Russia)"]
[Date "2011.04.16"]
[Round "9"]
[White "Kuluev Zagit (RUS)"]
[Black "Kolev Valentin (RUS)"]
[Result "1-0"]
[WhiteElo "1973"]
[BlackElo "1921"]

1.d4 Nf6 2.c4 c5 3.d5 b5 4.cxb5 a6 5.e3 Bb7 6.Nc3 g6 7.e4 d6 8.Bc4 Bg7 9.Nge2
O-O 10.O-O axb5 11.Bxb5 Ba6 12.Bxa6 Nxa6 13.a3 c4 14.Be3 Nd7 15.Qc2 Qb8 16.Nd4
Ne5 17.Rab1 Rc8 18.h3 Qb7 19.f4 Nd7 20.Nc6 Ndc5 {#r} 1-0

[Event "Ch Canarias"]
[Site "masterchessopen.com - masterchessopen.com - Tenerife (Spain)"]
[Date "2011.06.11"]
[Round "6"]
[White "Rodriguez Ferraz Borja (ESP)"]
[Black "Martin Hernandez Ruben (ESP)"]
[Result "0-1"]
[WhiteElo "2162"]
[BlackElo "2165"]

1.d4 Nf6 2.c4 c5 3.d5 b5 4.cxb5 a6 5.b6 Qxb6 6.Nc3 d6 7.e4 g6 8.Bd3 Bg7 9.h3
O-O 10.Nf3 Nbd7 11.O-O Ne8 12.Nd2 Qa7 13.f4 c4+ {#R} 0-1

[Event "It (open)"]
[Site "masterchessopen.com - masterchessopen.com - Oberwart (Austria)"]
[Date "2011.07.11"]
[Round "3"]
[White "Wiedermann Daniel (AUT)"]
[Black "Milanovic Danilo (SRB)"]
[Result "0-1"]
[WhiteElo "2220"]
[BlackElo "2516"]

1.d4 Nf6 2.c4 c5 3.d5 b5 4.cxb5 a6 5.e3 Bb7 6.Nc3 Qa5 7.Bd2 axb5 8.Bxb5 Qb6
9.Qb3 e6 10.e4 Nxe4 11.dxe6 fxe6 12.O-O-O Be7 13.Nxe4 Bxe4 14.f3 Bg6 15.Ne2
O-O 16.Nf4 Bf7 17.Rhe1 Rxa2 18.Qxa2 Qxb5 19.Bc3 Bg5 20.g3 e5 {#R} 0-1

[Event "Ch Provinciale TP"]
[Site "masterchessopen.com - masterchessopen.com - Erice (Italy)"]
[Date "2012.01.22"]
[Round "3"]
[White "Lo Piccolo Antonino"]
[Black "Cleal John (ITA)"]
[Result "1-0"]
[WhiteElo "1843"]
[BlackElo "1924"]

1.d4 Nf6 2.c4 c5 3.d5 b5 4.cxb5 a6 5.e3 e6 6.Nc3 Bb7 7.e4 Qa5 8.bxa6 Nxa6
9.Bd2 Nb4 10.a3 Na6 11.e5 Ng8 12.Nf3 Qd8 13.Bc4 Ne7 14.Bg5 Qa5 15.O-O Ng6
16.dxe6 fxe6 17.Bb5 Qc7 18.Re1 h6 19.Qd3 Kf7 20.Rad1 {#r} 1-0

[Event "It (open) (w)"]
[Site "masterchessopen.com - masterchessopen.com - Moscow (Russia)"]
[Date "2012.02.02"]
[Round "6"]
[White "Savina Anastasia (RUS)"]
[Black "Tomnikova Lidija (RUS)"]
[Result "1-0"]
[WhiteElo "2337"]
[BlackElo "2074"]

1.d4 Nf6 2.c4 c5 3.d5 b5 4.cxb5 a6 5.e3 axb5 6.Bxb5 Qa5+ 7.Nc3 Bb7 8.Ne2 Nxd5
9.O-O Nc7 10.a4 g6 11.Bd2 Qb6 12.a5 Qf6 13.Bc4 Bg7 14.Qb3 Qc6 15.e4 e6 16.Bf4
f5 17.Rfd1 Bf8 18.Be5 Rg8 19.Nd5 d6 20.Nxc7+ Qxc7 21.Bxd6 {#r} 1-0

[Event "Cup Doeberl"]
[Site "masterchessopen.com - masterchessopen.com - Canberra (Australia)"]
[Date "2012.04.06"]
[Round "4"]
[White "Brown Andrew (AUS)"]
[Black "Cameron Alistair (AUS)"]
[Result "1-0"]
[WhiteElo "2215"]
[BlackElo "1959"]

1.d4 Nf6 2.c4 c5 3.d5 b5 4.cxb5 a6 5.e3 Bb7 6.Nc3 axb5 7.Bxb5 Qa5 8.Ne2 Nxd5
9.O-O e6 10.e4 Nxc3 11.Nxc3 Qc7 12.Qg4 Bd6 13.f4 O-O 14.b3 Be7 15.Bb2 g6 16.f5
d5 17.fxe6 {#r} 1-0

[Event "It (open)"]
[Site "masterchessopen.com - masterchessopen.com - Lugano (Switzerland)"]
[Date "2012.04.06"]
[Round "1"]
[White "Brioschi Camillo (ITA)"]
[Black "Sedina Elena (ITA)"]
[Result "0-1"]
[WhiteElo "1839"]
[BlackElo "2353"]

1.d4 Nf6 2.c4 c5 3.d5 b5 4.cxb5 a6 5.f3 g6 6.e4 Bg7 7.e5 Ng8 8.f4 d6 9.Nf3 Nd7
10.Nc3 dxe5 11.fxe5 Nxe5 12.Nxe5 Bxe5 13.Bc4 Nf6 14.Be3 O-O 15.Bxc5 Qc7 16.b4
Bxc3+ 17.Kf1 Bxa1 18.Qxa1 Qf4+ 19.Ke1 Qxc4 {#R} 0-1

[Event "It (open)"]
[Site "masterchessopen.com - masterchessopen.com - Triesen (Liechtenstein)"]
[Date "2012.05.13"]
[Round "3"]
[White "Farago Ivan (HUN)"]
[Black "Habibi Ali (GER)"]
[Result "1-0"]
[WhiteElo "2500"]
[BlackElo "2290"]

1.d4 c5 2.d5 Nf6 3.c4 b5 4.cxb5 a6 5.e3 g6 6.Nc3 Bg7 7.e4 d6 8.a4 O-O 9.Nf3
Nbd7 10.Bd2 Qc7 11.Be2 Qb8 12.O-O Ne8 13.Bg5 Ndf6 14.Qd2 Nc7 15.e5 dxe5
16.Nxe5 Nxb5 17.Nc6 Nxc3 18.Nxb8 Nfe4 19.Qc2 Nxe2+ 20.Qxe2 Nxg5 21.Nc6 {#r}
1-0

[Event "It (open)"]
[Site "masterchessopen.com - masterchessopen.com - Bargteheide (Germany)"]
[Date "2012.05.17"]
[Round "1"]
[White "Dinckel Joerg (GER)"]
[Black "Kopylov Mihail (UKR)"]
[Result "0-1"]
[WhiteElo "2025"]
[BlackElo "2468"]

1.d4 Nf6 2.c4 c5 3.d5 b5 4.cxb5 a6 5.Nc3 axb5 6.e4 b4 7.Nb5 d6 8.Nf3 Nxe4
9.Qe2 Nf6 10.Bf4 Ra6 11.Rd1 g6 12.g3 Bg7 13.Bg2 O-O 14.a3 Qa5 15.axb4 Qxb4+
16.Bd2 Qxb2 17.O-O Nxd5 18.Rb1 Qa2 {#R} 0-1

[Event "Tournament (juniors) (under 18)"]
[Site "masterchessopen.com - masterchessopen.com - Villavicencio (Colombia)"]
[Date "2012.05.19"]
[Round "3"]
[White "Rodriguez Rueda Paula Andrea (COL)"]
[Black "Argote Carlos David"]
[Result "1-0"]
[WhiteElo "2208"]
[BlackElo "1818"]

1.d4 Nf6 2.c4 c5 3.d5 b5 4.cxb5 a6 5.Qc2 d6 6.e4 axb5 7.Bxb5+ Nbd7 8.Nc3 g6
9.f4 Qc7 10.Nf3 Ba6 11.Qa4 Kd8 12.Ng5 Nb6 13.Nxf7+ {#r} 1-0

[Event "Ch City (open)"]
[Site "masterchessopen.com - masterchessopen.com - Warsaw (Poland)"]
[Round "6"]
[White "Jarmula Lukasz (POL)"]
[Black "Nurkiewicz Maciej (POL)"]
[Result "1-0"]
[WhiteElo "2013"]
[BlackElo "2407"]

1.d4 Nf6 2.c4 c5 3.d5 b5 4.cxb5 a6 5.Nc3 axb5 6.e4 b4 7.Nb5 d6 8.Bc4 g6 9.e5
dxe5 10.d6 Na6 11.Qb3 e6 12.Bg5 Bg7 13.Nf3 e4 14.d7+ Bxd7 15.Nd6+ Kf8 16.Nxf7
Kxf7 17.Ne5+ Ke7 18.Rd1 Nb8 19.Rxd7+ {#r} 1-0

[Event "It (open)"]
[Site "masterchessopen.com - masterchessopen.com - Avoine (France)"]
[Date "2012.07.21"]
[Round "1"]
[White "Hallay Axel (FRA)"]
[Black "Mevel Alberic (FRA)"]
[Result "0-1"]
[WhiteElo "1983"]
[BlackElo "2188"]

1.d4 Nf6 2.c4 c5 3.d5 b5 4.cxb5 a6 5.b6 Qxb6 6.Nc3 d6 7.e4 g6 8.f4 Bg7 9.Nf3
O-O 10.Bc4 a5 11.O-O Ba6 12.Nd2 Nbd7 13.Qe2 Ne8 14.Nb5 Bxb5 15.Bxb5 c4+ 16.Kh1
Qxb5 17.a4 Qa6 18.Rf3 c3 19.Qxa6 cxb2 20.Qxa8 bxa1=Q 21.Qc6 Nc5 {#R} 0-1

[Event "Cup University (cat. 2)"]
[Site "masterchessopen.com - masterchessopen.com - Lvov (Ukraine)"]
[Date "2012.08.15"]
[Round "1"]
[White "Kvetny Mark (GER)"]
[Black "Sychevskyy Andriy (UKR)"]
[Result "1-0"]
[WhiteElo "2231"]
[BlackElo "2040"]

1.d4 Nf6 2.c4 c5 3.d5 b5 4.cxb5 a6 5.e3 Bb7 6.Nc3 e6 7.e4 Qa5 8.Bd2 axb5 9.e5
Ng8 10.Nxb5 Qb6 11.d6 Na6 12.Nf3 f6 13.Bc4 Bc6 14.a4 fxe5 15.Nxe5 Nf6 16.Bg5
Bxb5 17.Bxb5 Qxd6 18.Bxf6 Qxd1+ 19.Rxd1 gxf6 20.Rxd7 {#r} 1-0

[Event "It (open) (b)"]
[Site "masterchessopen.com - masterchessopen.com - Vienna (Austria)"]
[Date "2012.08.18"]
[Round "6"]
[White "Langbauer Johann"]
[Black "Pracherstorfer Christian"]
[Result "0-1"]
[WhiteElo "1799"]
[BlackElo "1933"]

1.d4 c5 2.d5 Nf6 3.c4 b5 4.cxb5 a6 5.b6 Qxb6 6.Nc3 d6 7.a4 a5 8.e4 g6 9.Qc2
Bg7 10.Bb5+ Bd7 11.f4 O-O 12.Nf3 Na6 13.Bxd7 Nxd7 14.Be3 Rfb8 15.Rb1 Qb3
16.Qxb3 Rxb3 17.Ke2 Rab8 18.Nb5 Rxb2+ 19.Rxb2 Bxb2 20.Rb1 Bf6 21.Bd2 Nb4 {#R}
0-1

[Event "It (open)"]
[Site "masterchessopen.com - masterchessopen.com - Bogota (Colombia)"]
[Round "2"]
[White "Rodriguez Fernandez Nelson G (COL)"]
[Black "Palechor Cesar Augusto (COL)"]
[Result "1-0"]
[WhiteElo "1936"]
[BlackElo "1768"]

1.d4 Nf6 2.c4 c5 3.d5 b5 4.cxb5 a6 5.b6 g6 6.Nc3 Bg7 7.e4 Qxb6 8.Bd3 d6 9.h3
O-O 10.Nf3 Bd7 11.a4 Rc8 12.Qe2 Be8 13.O-O Nbd7 14.a5 Qb7 15.Na4 c4 16.Bxc4
Rxc4 17.Qxc4 Rc8 18.Qe2 Nc5 19.Nc3 {#r} 1-0